| 000 | 00792nam a2200229 a 4500 | ||
|---|---|---|---|
| 005 | 20240924071017.0 | ||
| 008 | 051201s2004 000 eng d | ||
| 020 | _a8449315727 | ||
| 035 | _aUPN01000142473 | ||
| 049 | _aCG | ||
| 050 | 4 |
_aZ1003 _bR9.6 |
|
| 100 | 1 | _aRyan, Marie-Laure | |
| 245 | 1 | 3 |
_aLa narración como realidad virtual : _bla inmerción y la interactividad en la literatura y los medios electrónicos / _cMarie-Lauren Ryan ; tr. de María Fernánda Soto. |
| 260 |
_aBarcelona, Esp. : _bPaidós, _c2004. |
||
| 300 |
_a456 p. : _bil. |
||
| 440 | 0 |
_aComunicación ; _v154 |
|
| 534 |
_pTitulo original : _tNarrative as Virtual Reality |
||
| 650 | 4 |
_aLibros y lectura _95227 |
|
| 650 | 2 |
_aRealidad virtual _920465 |
|
| 650 | 4 |
_aMULTIMEDIA INTERACTIVA _94856 |
|
| 905 | _aLibro | ||
| 999 |
_c114620 _d114620 |
||